000
00205 a2200097 4500
001
18140
100
_a
Wankel, F
245
_a
Rotary piston machines
260
_a
_b
Iliffe Books
_c
090
_c
13434
_d
13434
942
_a
NUST-CAE
_c
M
_c
3819
999
_c
253213
_d
253213